| 000 | 00571nam a22002057a 4500 | ||
|---|---|---|---|
| 005 | 20260330131033.0 | ||
| 008 | 260330b |||||||| |||| 00| 0 eng d | ||
| 020 |
_a978-93-90652-77-8 _cRs.990.00 |
||
| 040 | _aLoreto College | ||
| 041 | _aEnglish | ||
| 082 |
_a891.439 _bMAN |
||
| 100 | _aHansan Manto,Saadat | ||
| 245 |
_aThe collected stories of Saadat Hasan V.1 _cSaadat Hasan Manto |
||
| 260 |
_aNew Delhi _bAleph Book _c2022 |
||
| 300 | _a548p.;23cm. | ||
| 650 | _aFiction | ||
| 700 |
_4tr. _aRehman,Nasreen |
||
| 850 | _aLCLIB | ||
| 942 | _cBK | ||
| 999 |
_c44311 _d94790 |
||